La verdad desnuda: estudio crítico sobre las relaciones de España y América
Збережено в:
| Автор: | |
|---|---|
| Формат: | Книга |
| Мова: | Іспанська |
| Опубліковано: |
Madrid
Rivadeneyra
1935
|
| Редагування: | 2a. ed |
| Серія: | Españolito
|
| Предмети: | |
| Теги: |
Додати тег
Немає тегів, Будьте першим, хто поставить тег для цього запису!
|
MARC
| LEADER | 00000nam a2200000 a 4500 | ||
|---|---|---|---|
| 001 | UCZ7755 | ||
| 003 | CL-VaPUC | ||
| 008 | 960109e19350000SP |||||||||||||||||spa|d | ||
| 082 | 0 | 4 | |a 946 |b SUA |2 21 |
| 100 | 0 | |a Suarez, Constantino |e author |9 352730 | |
| 245 | 1 | 3 | |a La verdad desnuda: estudio crítico sobre las relaciones de España y América |
| 250 | |a 2a. ed | ||
| 300 | |a 185 p | ||
| 942 | |c BK | ||
| 945 | |d 19960109 00:00:00 |a mcarcey | ||
| 260 | |a Madrid |b Rivadeneyra |c 1935 | ||
| 650 | 0 | |a Historia |9 255047 | |
| 650 | 0 | |a Relaciones Internacionales |9 255740 | |
| 651 | 0 | |a España |9 254926 | |
| 651 | 0 | |a América |9 255182 | |
| 583 | |a last modification |c 19960109 00:00:00 |k Rodrigo Vera | ||
| 490 | 0 | |a Españolito | |
| 999 | |c 243766 |d 243764 | ||
| 952 | |0 0 |1 0 |4 0 |6 946_000000000000000_SUA_1935 |7 0 |8 A |9 257562 |a BIBEDU |b BIBEDU |d 2019-11-19 |i 3162710 |o 946 SUA 1935 |p 3162710 |r 2019-11-19 |w 2019-11-19 |y BK |k LIT | ||